[Event "ESP-ch U10"]
[Site "Salobrena"]
[Date "2024.07.05"]
[Round "8"]
[White "Gomez Bochan, Jose Andres"]
[Black "Climent Alcon, Alex"]
[Result "1-0"]
[WhiteElo "1487"]
[BlackElo "1646"]
[PlyCount "147"]
[EventDate "2024.07.01"]
[EventType "swiss"]
[EventRounds "9"]
[EventCountry "ESP"]
[SourceTitle "EXT 2025"]
[Source "ChessBase"]
[SourceDate "2024.10.14"]
[SourceVersion "1"]
[SourceVersionDate "2024.10.14"]
[SourceQuality "1"]

1. e4 c6 2. d4 d5 3. exd5 cxd5 4. Bd3 Nc6 5. c3 Nf6 6. Bf4 e6 7. Nf3 Be7 8. Nbd2 0-0 9. 0-0 Qb6 10. Qc2 Bd7 11. Be5 h6 12. Bxf6 Bxf6 13. Rfe1 Rfc8 14. Qb1 Qc7 15. Bh7+ Kh8 16. Re3 Ne7 17. Bd3 Rf8 18. Qc2 Nc6 19. Rae1 Rac8 20. Nb3 Ne7 21. Ne5 Bxe5 22. dxe5 g6 23. Rh3 Kg7 24. Qd2 Ng8 25. Ree3 f5 26. f4 Be8 27. Reg3 Bf7 28. Qe2 Qe7 29. Nd4 Kh7 30. Qf3 a6 31. Qe2 Rc7 32. Re3 Rcc8 33. g4 fxg4 34. Qxg4 Rce8 35. Reg3 Kh8 36. f5 exf5 37. Nxf5 Qxe5 38. Nxh6 Qe1+ 39. Bf1 Kg7 40. Nf5+ Kf6 41. Qg5+ Ke6 42. Re3+ Qxe3+ 43. Rxe3+ Kd7 44. Rxe8 Rxe8 45. Nd4 Re4 46. Bh3+ Kc7 47. Qg3+ Kb6 48. Qd6+ Ka7 49. Qc5+ Ka8 50. Qf8+ Be8 51. Qxg8 Ka7 52. Qxd5 Re7 53. Qc5+ Kb8 54. Qxe7 Ka7 55. Qxe8 g5 56. Bg2 Kb6 57. Qd8+ Kc5 58. b4+ Kc4 59. Qc7+ Kd3 60. Bf1+ Ke4 61. Qxb7+ Ke5 62. Qe7+ Kf4 63. Qf6+ Ke3 64. Qxg5+ Ke4 65. Bg2+ Kd3 66. Qg3+ Kc4 67. Bf1+ Kd5 68. h4 a5 69. c4+ Ke4 70. h5 a4 71. h6 Kxd4 72. h7 a3 73. h8Q+ Ke4 74. Qhe5# 1-0

[Event "ESP-ch U10"]
[Site "Salobrena"]
[Date "2024.07.01"]
[Round "2"]
[White "Melero Martinez, Celia"]
[Black "Climent Alcon, Alex"]
[Result "1/2-1/2"]
[WhiteElo "1483"]
[BlackElo "1646"]
[PlyCount "144"]
[EventDate "2024.07.01"]
[EventType "swiss"]
[EventRounds "9"]
[EventCountry "ESP"]
[SourceTitle "EXT 2025"]
[Source "ChessBase"]
[SourceDate "2024.10.14"]
[SourceVersion "1"]
[SourceVersionDate "2024.10.14"]
[SourceQuality "1"]

1. e4 c6 2. d4 d5 3. exd5 cxd5 4. Bd3 Nc6 5. c3 Nf6 6. Bf4 Bg4 7. Qb3 Qc8 8. Nd2 e6 9. Ngf3 Bxf3 10. Nxf3 Be7 11. 0-0 0-0 12. Rfe1 b6 13. Ne5 Nh5 14. Bd2 Nxe5 15. dxe5 g6 16. Be2 Ng7 17. Bh6 Rd8 18. Bd3 Bf8 19. Qd1 Ne8 20. Qd2 Bg7 21. Bxg7 Nxg7 22. Qh6 Rd7 23. Re3 Qf8 24. Rh3 Nh5 25. Rxh5 f6 26. Qxf8+ Rxf8 27. Rh3 fxe5 28. Rd1 Rc7 29. Rf3 Rd8 30. Rf6 Re8 31. Bb5 Ree7 32. h3 e4 33. c4 a6 34. cxd5 axb5 35. d6 Red7 36. dxc7 Rxd1+ 37. Kh2 Rc1 38. Rxe6 Rxc7 39. Rxe4 Kf7 40. Kg3 Rc5 41. Rh4 Kg7 42. Rd4 Rc2 43. Rb4 Rc5 44. Rd4 Rc2 45. Rd6 Rxb2 46. Rxb6 b4 47. f4 h5 48. Kf3 Kh7 49. g4 h4 50. g5 Rxa2 51. Rxb4 Ra1 52. Rb2 Rg1 53. Rg2 Rf1+ 54. Kg4 Kg7 55. Kxh4 Rxf4+ 56. Kg3 Rb4 57. h4 Rb3+ 58. Kh2 Rb4 59. Kh3 Rb1 60. Re2 Rb3+ 61. Kg4 Rb4+ 62. Kg3 Rb3+ 63. Kf4 Kf7 64. Re4 Rb5 65. Kg4 Rb1 66. Rf4+ Kg7 67. Rf3 Rg1+ 68. Rg3 Rb1 69. Rf3 Rg1+ 70. Kh3 Rh1+ 71. Kg4 Rg1+ 72. Rg3 Rb1 1/2-1/2

[Event "ESP-ch U10"]
[Site "Salobrena"]
[Date "2023.07.06"]
[Round "6"]
[White "Climent Alcon, Alex"]
[Black "Veiga Macias, Rodrigo"]
[Result "1/2-1/2"]
[WhiteElo "1261"]
[BlackElo "1119"]
[PlyCount "61"]
[EventDate "2023.07.03"]
[EventType "swiss"]
[EventRounds "9"]
[EventCountry "ESP"]
[SourceTitle "EXT 2024"]
[Source "ChessBase"]
[SourceDate "2023.10.10"]
[SourceVersion "1"]
[SourceVersionDate "2023.10.10"]
[SourceQuality "1"]

1. d4 Nf6 2. Bf4 d5 3. e3 Bf5 4. c4 e6 5. Qb3 b6 6. Nc3 c5 7. Nb5 Be7 8. Nc7+ Kf8 9. Nxa8 Nh5 10. Bxb8 Qxb8 11. Nxb6 Qxb6 12. cxd5 cxd4 13. Qxb6 axb6 14. exd4 exd5 15. a4 f6 16. a5 Bb4+ 17. Kd1 bxa5 18. Ne2 Kf7 19. h3 g5 20. f3 Bg6 21. g4 Ng7 22. Rc1 Ne6 23. Rc6 Rb8 24. Ra6 Rc8 25. Nc3 Nxd4 26. Bg2 Bc2+ 27. Kd2 Re8 28. Ra7+ Kg8 29. Kc1 Rc8 30. Kd2 Re8 31. Kc1 1/2-1/2

[Event "ESP-ch U10"]
[Site "Salobrena"]
[Date "2023.07.03"]
[Round "2"]
[White "Climent Alcon, Alex"]
[Black "Gonzalez Lopez, Lucas I"]
[Result "1/2-1/2"]
[WhiteElo "1261"]
[BlackElo "1868"]
[PlyCount "92"]
[EventDate "2023.07.03"]
[EventType "swiss"]
[EventRounds "9"]
[EventCountry "ESP"]
[SourceTitle "EXT 2024"]
[Source "ChessBase"]
[SourceDate "2023.10.10"]
[SourceVersion "1"]
[SourceVersionDate "2023.10.10"]
[SourceQuality "1"]

1. d4 Nf6 2. Bf4 g6 3. e3 Bg7 4. Nf3 d6 5. h3 0-0 6. Be2 Nbd7 7. c3 e6 8. 0-0 Qe7 9. Bg5 e5 10. Bxf6 Bxf6 11. dxe5 dxe5 12. e4 Nc5 13. Nbd2 Bd7 14. Qc2 Rad8 15. Rfd1 Bc6 16. Ne1 Bg5 17. f3 Be3+ 18. Kh1 Ba4 19. b3 Rxd2 20. Rxd2 Bxd2 21. Qxd2 Bxb3 22. axb3 Nxb3 23. Qd1 Nxa1 24. Qxa1 Qc5 25. Nd3 Qe3 26. Bf1 Re8 27. Qb1 Qb6 28. Qxb6 cxb6 29. Nb4 a5 30. Nd5 Re6 31. Bc4 Rd6 32. Kg1 Kf8 33. Kf2 Ke8 34. Ke2 Kd8 35. Kd2 h5 36. Kc2 h4 37. Kb3 Rc6 38. Bb5 Rd6 39. Ka4 g5 40. Bd3 f5 41. Kb5 f4 42. Bc4 Rc6 43. Bb3 Ke8 44. c4 Rd6 45. Ba4 Kd8 46. Bb3 Ke8 1/2-1/2